La Nueva Guatemala de la Asunción y los terremotos de 1917 - 1918

Bewaard in:
Bibliografische gegevens
Hoofdauteur: Peláez Almengor, Oscar Guillermo
Formaat: Texto
Gepubliceerd in: Guatemala: Universidad de San Carlos, Centro de Estudios urbanos y regionales
Tags: Voeg label toe
Geen labels, Wees de eerste die dit record labelt!

MARC

LEADER 00000 a a2200000 04500
001 25195
003
040
090 |a 180200  
100 |a Peláez Almengor, Oscar Guillermo  
245 |a La Nueva Guatemala de la Asunción y los terremotos de 1917 - 1918  
260 |a Guatemala:   |b Universidad de San Carlos,   |b Centro de Estudios urbanos y regionales  
300 |a 73 p   |b il.  
999 |c 925  |d 925